00384pab a2200145 454500008004000000100001900040245005300059260000900112300001300121650001800134650002000152700002300172700002200195773002100217180718b2005 xxu||||| |||| 00| 0 eng d aKose, M. Ayhan aGrowth and volatility in an era of globalization c2005 ap.31-63. aGlobalization aEconomic growth aTerrones, Marco E. aPrasand, Eswar S. aIMF Staff Papers